[Event "36th Reykjavik op"]
[Site "Reykjavik ISL"]
[Date "2023.03.30"]
[Round "3.112"]
[White "Spagnoli, Benjamin"]
[Black "Ingvason, Johann"]
[WhiteElo "1744"]
[BlackElo "2122"]
[Result "0-1"]
[EventDate "2023.03.29"]
[PlyCount "175"]

1. d4 Nf6 2. Nc3 d5 3. Bf4 e6 4. e3 Bd6 5. Nf3 a6 6. Ne5 Nc6 7. Bd3 Qe7 8. Qf3 Nb4
9. O-O Nxd3 10. cxd3 h6 11. e4 Bb4 12. Rac1 c6 13. Na4 Ba5 14. Nc5 O-O 15. h3 Bc7
16. Rfe1 dxe4 17. dxe4 Bxe5 18. Bxe5 Nd7 19. Nxd7 Bxd7 20. Qg3 Qg5 21. Qb3 b5 22.
Rc5 Qe7 23. Qg3 Qg5 24. Qh2 Qd2 25. Rec1 f6 26. R5c2 Qd3 27. Bd6 Rf7 28. Qf4 Qxd4
29. Rd2 Qa7 30. Bc5 e5 31. Qf3 Qb7 32. Rcd1 Be6 33. b4 Re8 34. a3 f5 35. Qc3 Qc8
36. f3 fxe4 37. fxe4 Kh7 38. Rd6 Bc4 39. Qg3 Re6 40. Rxe6 Qxe6 41. Rd6 Rf1+ 42. Kh2
Qf7 43. Qxe5 Qf4+ 44. Qxf4 Rxf4 45. Rxc6 Rxe4 46. Rxa6 Re2 47. Kg3 Bd5 48. Bf2 g5
49. a4 h5 50. Rd6 Be4 51. axb5 h4+ 52. Kg4 Rxf2 53. Kxg5 Rf5+ 54. Kxh4 Bxg2 55. Rd4
Rxb5 56. Kg3 Bf1 57. h4 Kg6 58. Kf2 Rf5+ 59. Kg3 Be2 60. Rf4 Re5 61. Kf2 Kh5 62.
Kg3 Rd5 63. Kf2 Bg4 64. Ke3 Kxh4 65. Rd4 Rb5 66. Kd3 Kg5 67. Kc3 Be6 68. Rd6 Kf5
69. Ra6 Rb7 70. Ra5+ Ke4 71. b5 Rc7+ 72. Kb4 Rc4+ 73. Ka3 Kd5 74. Ra4 Rc1 75. b6
Kc6 76. Rb4 Kb7 77. Kb2 Rc5 78. Ka3 Bd7 79. Rd4 Bc6 80. Kb4 Kxb6 81. Rc4 Rd5 82.
Kc3 Bb5 83. Rd4 Re5 84. Kb3 Ka5 85. Rf4 Bc6 86. Kc4 Ka4 87. Kc3+ Kb5 88. Rc4  0-1

[Event "36th Reykjavik op"]
[Site "Reykjavik ISL"]
[Date "2023.03.30"]
[Round "3.113"]
[White "Southcott-Moyers, Indy"]
[Black "Kristinsson, Magnus"]
[WhiteElo "2094"]
[BlackElo "1756"]
[Result "1-0"]
[EventDate "2023.03.29"]
[PlyCount "46"]

1. d4 Nf6 2. c4 g6 3. Nc3 d5 4. cxd5 Nxd5 5. e4 Nxc3 6. bxc3 Bg7 7. Be3 c5 8. Qd2
Qa5 9. Rc1 O-O 10. Nf3 Nc6 11. d5 Rd8 12. Bd3 Bg4 13. dxc6 Bxf3 14. cxb7 Rab8 15.
gxf3 c4 16. Bd4 e5 17. Bxc4 exd4 18. cxd4 Qxd2+ 19. Kxd2 Bh6+ 20. Kd3 Bxc1 21. Rxc1
Rxb7 22. Bd5 Re7 23. Bc6 (23. Bb3 Kf8 24. f4 Red7 25. d5 Ke7 26. Kd4 f6 27. e5 fxe5+
28. fxe5 Rf8 29. d6+ Kd8 30. Be6 Rxf2 31. Bxd7 Kxd7 32. Rc7+ Kd8 33. Rxa7 Rxh2 34.
e6 Rd2+ 35. Ke5 Re2+ 36. Kf6 Kc8 37. d7+) 23... f5 ( 23... Kf8 24. f4)  1-0

[Event "36th Reykjavik op"]
[Site "Reykjavik ISL"]
[Date "2023.03.30"]
[Round "3.114"]
[White "Daemering, Katrin"]
[Black "Opasiak, Dustin Tennessee"]
[WhiteElo "1991"]
[BlackElo "1748"]
[Result "1/2-1/2"]
[EventDate "2023.03.29"]
[PlyCount "119"]

1. e4 e6 2. d3 d5 3. Qe2 Nc6 4. Nf3 e5 5. h3 Nf6 6. exd5 Qxd5 7. Bd2 Bc5 8. Nc3 Qe6
9. O-O-O O-O 10. Re1 Re8 11. Ng5 Qf5 12. Nge4 Nd4 13. Qd1 Bf8 14. f4 Bd7 15. g4 Qe6
16. Bg2 Bc6 17. Rhf1 Nd5 18. fxe5 Nxc3 19. Bxc3 Bxe4 20. Rxe4 Nb5 21. Qf3 Nxc3 22.
bxc3 Ba3+ 23. Kd2 Rad8 24. c4 b5 25. Qf5 Bb4+ 26. Kd1 bxc4 27. Qxe6 Rxe6 28. Rxc4
Ba5 29. Re4 Bc3 30. Ra4 Rxe5 31. Rxa7 Ba5 32. Ra8 Rxa8 33. Bxa8 Bc3 34. Bc6 Kf8 35.
a4 Ke7 36. Kc1 Kd6 37. Be4 f6 38. Rf5 Rxf5 39. Bxf5 g6 40. Be4 Ke5 41. Kd1 Kf4 42.
Ke2 Kg3 43. Bd5 Kxh3 44. Kf3 h5 45. gxh5 gxh5 46. Bf7 h4 47. Bd5 Kh2 48. Kg4 h3 49.
Be4 Kg1 50. Kxh3 Kf2 51. Kg4 Ke3 52. Bd5 Kd4 53. Bc4 Ke5 54. Kf3 Bd2 55. Ke2 Bc3
56. Ke3 c5 57. Bf7 Bb4 58. Bc4 Bc3 59. Bb3 Bb4 60. Bc4  1/2-1/2

[Event "36th Reykjavik op"]
[Site "Reykjavik ISL"]
[Date "2023.03.30"]
[Round "3.115"]
[White "Tacconi, Antonio"]
[Black "Alfaro Guillen, Jose Raul"]
[WhiteElo "1736"]
[BlackElo "1983"]
[Result "1/2-1/2"]
[EventDate "2023.03.29"]
[PlyCount "74"]

1. c4 Nf6 2. Nc3 c5 3. g3 g6 4. Bg2 Bg7 5. Nf3 O-O 6. O-O d5 7. cxd5 Nxd5 8. Qb3
Nb6 9. d3 Nc6 10. Be3 Nd4 11. Qd1 e5 12. Qd2 Bg4 13. Bxd4 cxd4 14. Nb5 Qd7 15. Na3
Nd5 16. Nc4 Rfe8 17. Qa5 b5 18. Ncd2 Nb6 19. Nb3 Rac8 20. Rfc1 Na4 21. Qd2 Be6 22.
Rxc8 Rxc8 23. Rc1 Rxc1+ 24. Qxc1 f6 25. Nfd2 Bf8 26. Ne4 Kg7 27. Qc2 a6 28. Nc1 f5
29. Ng5 Bg8 30. Nf3 Bd6 31. Nb3 Qc7 32. Qd2 Nc5 33. Nxc5 Qxc5 34. a3 Bc7 35. Ne1
Bb3 36. Bb7 a5 37. h4 b4  1/2-1/2

[Event "36th Reykjavik op"]
[Site "Reykjavik ISL"]
[Date "2023.03.30"]
[Round "3.116"]
[White "Kukavica, Tony"]
[Black "Kane, Robert"]
[WhiteElo "1981"]
[BlackElo "1745"]
[Result "1-0"]
[EventDate "2023.03.29"]
[PlyCount "71"]

1. d4 Nf6 2. c4 e6 3. Nc3 Bb4 4. f3 d5 5. a3 Bxc3+ 6. bxc3 Nc6 7. cxd5 exd5 8. e3
Bf5 9. Bd3 Ne7 10. Ne2 O-O 11. O-O Bxd3 12. Qxd3 c5 13. e4 cxd4 14. cxd4 Ne8 15.
e5 Nc7 16. Bd2 Nc6 17. Rab1 Rb8 18. Rb3 f6 19. f4 f5 20. Bb4 Nxb4 21. Rxb4 Qd7 22.
Rc1 g6 23. Qb3 b6 24. Qa4 Qxa4 25. Rxa4 Rb7 26. Rb4 Kf7 27. a4 Rfb8 28. Kf2 a5 29.
Rb3 b5 30. axb5 Nxb5 31. Ra1 Nd6 32. Rxb7+ Nxb7 33. Rb1 Ke6 34. Nc3 Rc8 35. Rb6+
Kd7 36. Rxb7+  1-0

[Event "36th Reykjavik op"]
[Site "Reykjavik ISL"]
[Date "2023.03.30"]
[Round "3.117"]
[White "Thorisson, Benedikt"]
[Black "Thorsteinsdottir, Hallgerdur"]
[WhiteElo "1725"]
[BlackElo "1978"]
[Result "1-0"]
[EventDate "2023.03.29"]
[PlyCount "79"]

1. e4 c5 2. Nf3 d6 3. d4 cxd4 4. Nxd4 Nf6 5. Nc3 a6 6. Be3 e5 7. Nb3 Be6 8. f3 h5
9. Qd2 Nbd7 10. O-O-O Qc7 11. Kb1 Rc8 12. g3 Be7 13. Qf2 O-O 14. h3 b5 15. g4 g6
16. Bg5 Rfe8 17. Rd2 Bc4 18. Qh4 Kg7 19. gxh5 Kh8 20. h6 Kh7 21. Nd1 d5 22. Bg2 d4
23. f4 Bb4 24. Rf2 d3 25. c3 Be7 26. Ne3 b4 27. Nxc4 Qxc4 28. Nd2 Qe6 29. c4 Ng8
30. f5 gxf5 31. exf5 Bxg5 32. fxe6 Bxh4 33. exd7 Rcd8 34. Rxf7+ Kg6 35. Bd5 Nf6 36.
Rg1+ Kxh6 37. Nf3 Nxd5 38. Nxh4 Nb6 39. Nf5+ Kh5 40. Rfg7  1-0

[Event "36th Reykjavik op"]
[Site "Reykjavik ISL"]
[Date "2023.03.30"]
[Round "3.118"]
[White "Omarsson, Josef"]
[Black "Moeller, Jared William"]
[WhiteElo "1693"]
[BlackElo "1974"]
[Result "1/2-1/2"]
[EventDate "2023.03.29"]
[PlyCount "63"]

1. d4 d5 2. c4 e6 3. Nc3 c5 4. e3 Nf6 5. Nf3 Nc6 6. Be2 dxc4 7. Bxc4 a6 8. a4 cxd4
9. exd4 Be7 10. O-O O-O 11. h3 Qb6 12. Rb1 Qb4 13. Qe2 Rd8 14. Be3 Nd5 15. Bd2 Qb6
16. Nxd5 exd5 17. Bd3 Bf6 18. Bc3 h6 19. Rfe1 g6 20. Qe3 Bg7 21. b4 Bd7 22. b5 axb5
23. Bxb5 Qc7 24. Qd2 Re8 25. Ne5 Nxe5 26. dxe5 Bxb5 27. Rxb5 Bxe5 28. Bxe5 Rxe5 29.
Rxe5 Qxe5 30. Rxd5 Qa1+ 31. Kh2 Qxa4 32. Qxh6  1/2-1/2

[Event "36th Reykjavik op"]
[Site "Reykjavik ISL"]
[Date "2023.03.30"]
[Round "3.120"]
[White "Schrodt, Sebastian"]
[Black "Eliasson, Kristjan Oern"]
[WhiteElo "1972"]
[BlackElo "1737"]
[Result "0-1"]
[EventDate "2023.03.29"]
[PlyCount "60"]

1. Nf3 Nf6 2. g3 g6 3. b4 Bg7 4. Bb2 O-O 5. c4 c6 6. Bg2 d5 7. O-O dxc4 8. Na3 Na6
9. Nxc4 Nxb4 10. Rb1 Nbd5 11. Qc2 Nb6 12. Na5 Qd5 13. Bc3 Rb8 14. Nd4 Qd6 15. Ndxc6
bxc6 16. Bb4 Qe6 17. Nxc6 Rb7 18. Nd4 Qd7 19. Bxb7 Bxb7 20. Nb3 Qh3 21. f3 Ng4 22.
Rf2 Nxf2 23. Kxf2 Qxh2+ 24. Kf1 Rc8 25. Qd3 Qxg3 26. Bc5 Qh3+ 27. Kg1 Be5 28. Qe3
Bh2+ 29. Kf2 Bg3+ 30. Kg1 Nd5  0-1

[Event "36th Reykjavik op"]
[Site "Reykjavik ISL"]
[Date "2023.03.30"]
[Round "3.121"]
[White "Hetland, Even"]
[Black "Knudsen, Martin"]
[WhiteElo "1680"]
[BlackElo "1969"]
[Result "1/2-1/2"]
[EventDate "2023.03.29"]
[PlyCount "71"]

1. d4 d5 2. c4 c6 3. Nc3 Nf6 4. Nf3 dxc4 5. a4 Bf5 6. e3 e6 7. Bxc4 Bb4 8. O-O O-O
9. h3 Ne4 10. Nxe4 Bxe4 11. Bd3 Bxd3 12. Qxd3 c5 13. Rd1 Nc6 14. Bd2 Qa5 15. Qb5
cxd4 16. Qxa5 Bxa5 17. Bxa5 Nxa5 18. Nxd4 a6 19. Rac1 Rac8 20. Nf3 Nb3 21. Rxc8 Rxc8
22. Rd7 Nc5 23. Rd4 a5 24. b4 axb4 25. Rxb4 Kf8 26. Kf1 Ke7 27. Ke2 f6 28. Nd2 Rc7
29. Nb3 Na6 30. Rb6 e5 31. Kd3 f5 32. e4 f4 33. Rb5 Ke6 34. Rb6+ Ke7 35. Rb5 Ke6
36. Rb6+  1/2-1/2

[Event "36th Reykjavik op"]
[Site "Reykjavik ISL"]
[Date "2023.03.30"]
[Round "3.122"]
[White "Pedersen, Sondre-Andreas"]
[Black "Andriessen, Bart Jan"]
[WhiteElo "1674"]
[BlackElo "1966"]
[Result "1/2-1/2"]
[EventDate "2023.03.29"]
[PlyCount "31"]

1. d4 Nf6 2. c4 g6 3. Nc3 d5 4. cxd5 Nxd5 5. e4 Nxc3 6. bxc3 Bg7 7. Nf3 c5 8. Rb1
O-O 9. Be2 cxd4 10. cxd4 Qa5+ 11. Bd2 Qxa2 12. O-O b6 13. Qc1 Bb7 14. Bc4 Qa4 15.
Bb5 Qa2 16. Bc4  1/2-1/2

[Event "36th Reykjavik op"]
[Site "Reykjavik ISL"]
[Date "2023.03.30"]
[Round "3.123"]
[White "Yeo, Ruizhi Carwyn"]
[Black "Scotti, Martin"]
[WhiteElo "1963"]
[BlackElo "1734"]
[Result "1/2-1/2"]
[EventDate "2023.03.29"]
[PlyCount "113"]

1. e4 c5 2. Nf3 d6 3. d4 cxd4 4. Nxd4 Nf6 5. Nc3 a6 6. Bc4 e6 7. Bb3 Nc6 8. O-O Be7
9. f4 O-O 10. Kh1 Nxd4 11. Qxd4 b5 12. Be3 Ng4 13. Bg1 Bf6 14. Qd3 Qc7 15. Rad1 Bb7
16. Qg3 Bxc3 17. Qxg4 Bxb2 18. f5 exf5 19. exf5 Bf6 20. Bd4 Qd8 21. Rd3 Kh8 22. Rfd1
Re8 23. Bxf7 Re4 24. Qh5 Rc8 25. Bxf6 Qxf6 26. Be6 Rf8 27. Rh3 h6 28. Rg1 d5 29.
Rg3 Rh4 30. Qf3 Qe5 31. Rd1 d4 32. Qa3 Rb8 33. Kg1 Re4 34. Qd3 Rd8 35. Kf1 Rf4+ 36.
Kg1 Be4 37. Qa3 Qf6 38. Rg6 Qh4 39. Qg3 Bxc2 40. Rd2 d3 41. f6 Qxg3 42. fxg7+ Kh7
43. Rxg3 Rg8 44. Bxg8+ Kxg8 45. Rg6 a5 46. g3 Rf5 47. Rxh6 Kxg7 48. Rb6 b4 49. Kg2
Rc5 50. Kf3 Rc4 51. Ke3 a4 52. Rf2 Re4+ 53. Kd2 a3 54. Rd6 b3 55. axb3 Ra4 56. bxa4
a2 57. Rd7+  1/2-1/2

[Event "36th Reykjavik op"]
[Site "Reykjavik ISL"]
[Date "2023.03.30"]
[Round "3.124"]
[White "Gudmundsson, Gunnar Erik"]
[Black "Qiu, Peter Yong"]
[WhiteElo "1961"]
[BlackElo "1729"]
[Result "1-0"]
[EventDate "2023.03.29"]
[PlyCount "71"]

1. d4 f5 2. c4 g6 3. g3 Nf6 4. Bg2 Bg7 5. Nf3 d6 6. O-O O-O 7. Nc3 c6 8. Re1 a5 9.
Qc2 Na6 10. a3 Qe8 11. d5 Nc5 12. Be3 Nce4 13. Nd4 Nxc3 14. Qxc3 c5 15. Nb5 Ng4 16.
Qd2 Nxe3 17. Qxe3 Qf7 18. Qd2 Bd7 19. Nc7 Ra7 20. Ne6 Re8 21. Nxg7 Qxg7 22. e4 b6
23. Re3 Rc7 24. Rae1 Qd4 25. Qc2 fxe4 26. Bxe4 Bc8 27. Bxg6 Rf8 28. Bxh7+ Kh8 29.
Rxe7 Rxe7 30. Rxe7 Bh3 31. Bg6 Kg8 32. Re4 Qf6 33. Rh4 Bc8 34. Rf4 Qe5 35. Bh7+ Kg7
36. Qg6+  1-0

[Event "36th Reykjavik op"]
[Site "Reykjavik ISL"]
[Date "2023.03.30"]
[Round "3.125"]
[White "Koschetzki, Christian"]
[Black "Andersson, Christer"]
[WhiteElo "1960"]
[BlackElo "1659"]
[Result "1/2-1/2"]
[EventDate "2023.03.29"]
[PlyCount "112"]

1. c4 g6 2. Nf3 Bg7 3. g3 Nf6 4. Bg2 d6 5. Nc3 O-O 6. d4 Nbd7 7. O-O Re8 8. e4 e5
9. d5 h6 10. h3 a5 11. Qc2 Nc5 12. Be3 b6 13. b3 Rf8 14. a3 Bb7 15. b4 axb4 16. axb4
Ncd7 17. Nd2 Qb8 18. Rfb1 c6 19. Qb2 Qc7 20. Bf1 Rxa1 21. Rxa1 Ra8 22. dxc6 Bxc6
23. Rxa8+ Bxa8 24. Qa3 Qb8 25. Qa4 Qc8 26. Nd5 Bf8 27. Bd3 Bxd5 28. exd5 Kg7 29.
Qc6 Qa6 30. Bf1 Qa3 31. Qb5 Qa7 32. Nb3 Qa3 33. Nd2 Qa7 34. Bg2 Be7 35. Ne4 Nxe4
36. Bxe4 Qc7 37. Qc6 Bd8 38. Qb5 Kh7 39. Bc2 Nf6 40. Ba4 Kg7 41. Kg2 Kh7 42. Bc2
Nd7 43. g4 Kg7 44. f3 Nf6 45. Bd3 Qa7 46. Bf1 Qc7 47. Qa6 Kh7 48. Bf2 Kg7 49. Bd3
Kh7 50. h4 Kg7 51. Bg3 Qd7 52. Qa2 e4 53. fxe4 Qxg4 54. Qb2 Kg8 55. Qe2 Qxe2+ 56.
Bxe2 Nxe4  1/2-1/2

[Event "36th Reykjavik op"]
[Site "Reykjavik ISL"]
[Date "2023.03.30"]
[Round "3.126"]
[White "Kaergaard, Sissel"]
[Black "Biedenkopf, Philipp"]
[WhiteElo "1665"]
[BlackElo "1959"]
[Result "0-1"]
[EventDate "2023.03.29"]
[PlyCount "80"]

1. d4 Nf6 2. Nf3 d5 3. Bg5 Ne4 4. Bf4 c5 5. e3 Qb6 6. Qc1 Nc6 7. c3 Bf5 8. Be2 e6
9. O-O Be7 10. Nbd2 Rc8 11. Nxe4 Bxe4 12. Qd2 O-O 13. Ne5 Rfd8 14. Bd3 Bxd3 15. Qxd3
a6 16. Rab1 cxd4 17. exd4 Qa5 18. a3 b5 19. Qg3 Qb6 20. Bh6 Bf8 21. Rfe1 Ne7 22.
Bd2 Qa7 23. Qf4 Nf5 24. g4 Nd6 25. f3 f6 26. Nd3 e5 27. Nxe5 fxe5 28. Qxe5 Nc4 29.
Qe6+ Qf7 30. Qxf7+ Kxf7 31. Bg5 Re8 32. Rxe8 Rxe8 33. Kf2 Bd6 34. h3 h6 35. Bc1 Re6
36. b3 Nxa3 37. Ra1 Nc2 38. Ra2 Ne1 39. Be3 Nd3+ 40. Ke2 Nc1+  0-1

[Event "36th Reykjavik op"]
[Site "Reykjavik ISL"]
[Date "2023.03.30"]
[Round "3.127"]
[White "Rice, Chris"]
[Black "Eriksen, Leander"]
[WhiteElo "1952"]
[BlackElo "1637"]
[Result "0-1"]
[EventDate "2023.03.29"]
[PlyCount "54"]

1. d4 Nf6 2. Nf3 e6 3. e3 c5 4. Bd3 Nc6 5. b3 d5 6. Bb2 Qc7 7. a3 cxd4 8. exd4 Bd6
9. O-O O-O 10. Re1 Re8 11. Ne5 Ne7 12. Nd2 b6 13. f4 Ng6 14. Qf3 Bb7 15. Re2 Nd7
16. Rf1 Rac8 17. Qh3 Ndf8 18. f5 exf5 19. Qxf5 f6 20. Nxg6 hxg6 21. Qg4 Rxe2 22.
Qxe2 Bxh2+ 23. Kh1 Bc6 24. Qf3 Re8 25. Qh3 Bg3 26. Qg4 Kf7 27. Nf3 Bd7  0-1

[Event "36th Reykjavik op"]
[Site "Reykjavik ISL"]
[Date "2023.03.30"]
[Round "3.128"]
[White "Gudnyjarson, Sigurdur Pall"]
[Black "Arndt, Uwe"]
[WhiteElo "1664"]
[BlackElo "1940"]
[Result "0-1"]
[EventDate "2023.03.29"]
[PlyCount "126"]

1. d4 Nf6 2. c4 e6 3. g3 d5 4. Bg2 c6 5. Nf3 Nbd7 6. O-O b6 7. Nbd2 Bd6 8. Qc2 Bb7
9. e4 dxe4 10. Nxe4 Nxe4 11. Qxe4 Nf6 12. Qc2 c5 13. dxc5 Bxc5 14. Bg5 O-O 15. Rad1
Qe7 16. Bxf6 Qxf6 17. Ng5 Qxg5 18. Bxb7 Rad8 19. Rxd8 Rxd8 20. Rd1 Bd4 21. Kg2 h5
22. b4 a5 23. a3 axb4 24. axb4 Qf6 25. c5 bxc5 26. bxc5 Qe5 27. c6 Qc7 28. f3 g6
29. Qd3 Bf6 30. Qc2 Rd5 31. Rxd5 exd5 32. Qd3 d4 33. Qc4 Kf8 34. f4 Ke8 35. Kf3 Kf8
36. f5 g5 37. Qe2 Qd6 38. Qc4 Bd8 39. Ke4 Bb6 40. c7 Qe7+ 41. Kd3 Bxc7 42. Qxd4 Be5
43. Qd5 Kg7 44. Qb3 Qd6+ 45. Qd5 Qf6 46. Ke4 Bb2 47. Bc6 Qe7+ 48. Kf3 Qa3+ 49. Ke2
Qe7+ 50. Kf3 Qe1 51. Kg2 Qe2+ 52. Kg1 Qe3+ 53. Kf1 Bd4 54. Qg2 Qd3+ 55. Qe2 Qxf5+
56. Kg2 g4 57. Be4 Qg5 58. Qd3 Qf6 59. Qe2 Bb6 60. h3 Qe6 61. hxg4 hxg4 62. Qd3 Qh6
63. Qe2 Qh3#  0-1

[Event "36th Reykjavik op"]
[Site "Reykjavik ISL"]
[Date "2023.03.30"]
[Round "3.129"]
[White "Kolka, David"]
[Black "Buchert, Matthaus"]
[WhiteElo "1940"]
[BlackElo "1641"]
[Result "1/2-1/2"]
[EventDate "2023.03.29"]
[PlyCount "47"]

1. e4 c5 2. c3 Nf6 3. e5 Nd5 4. Nf3 Nc6 5. Bc4 Nb6 6. Bb3 d5 7. exd6 Qxd6 8. O-O
e6 9. a4 Be7 10. a5 Nd5 11. Na3 Nxa5 12. Ba4+ Bd7 13. Bxd7+ Qxd7 14. Ne5 Qc7 15.
Nac4 Nc6 16. Nxc6 bxc6 17. Ra6 O-O 18. Qa4 Rfc8 19. d3 Qb7 20. Qa2 Nb6 21. Ne5 Rd8
22. Re1 Bf6 23. Ng4 Be7 24. Ne5  1/2-1/2

[Event "36th Reykjavik op"]
[Site "Reykjavik ISL"]
[Date "2023.03.30"]
[Round "3.130"]
[White "Ragnarsson, Johann"]
[Black "Lien, Sebastian"]
[WhiteElo "1929"]
[BlackElo "1618"]
[Result "1-0"]
[EventDate "2023.03.29"]
[PlyCount "113"]

1. d4 d5 2. c4 c6 3. cxd5 cxd5 4. Bf4 Nc6 5. Nc3 Nf6 6. Rc1 Bf5 7. Nf3 e6 8. e3 Bd6
9. Ne5 O-O 10. Nxc6 bxc6 11. Bxd6 Qxd6 12. Bd3 Bxd3 13. Qxd3 Qb4 14. Rc2 c5 15. a3
c4 16. Qd2 Qd6 17. f3 Rfd8 18. O-O Rab8 19. Rd1 Rb3 20. Qf2 h6 21. Rdd2 Rdb8 22.
g4 e5 23. Qg3 Nd7 24. dxe5 Qxe5 25. Nxd5 Rxb2 26. Qxe5 Rb1+ 27. Kg2 Nxe5 28. Kg3
Ra1 29. f4 Nd3 30. Rc3 Kf8 31. Kf3 g6 32. h4 Ne1+ 33. Kg3 Rb3 34. Rxc4 Raxa3 35.
Rc8+ Kg7 36. g5 hxg5 37. hxg5 f5 38. Rc7+ Kf8 39. Nc3 Rb8 40. Kf2 Ra1 41. Nd1 Re8
42. Rc3 Ra4 43. Nb2 Rb4 44. Re2 Ng2 45. Kxg2 Rxf4 46. Nd3 Rg4+ 47. Kf3 Rxg5 48. Nf4
Rg1 49. Rh2 Kf7 50. Rh7+ Kf6 51. Rc6+ Ke5 52. Nxg6+ Kd5 53. Rhc7 Rg4 54. Nf4+ Ke5
55. Rxa7 Rxf4+ 56. exf4+ Kd5 57. Rf6  1-0

[Event "36th Reykjavik op"]
[Site "Reykjavik ISL"]
[Date "2023.03.30"]
[Round "3.131"]
[White "Ingvarsson, Unnar"]
[Black "Kee, Steve"]
[WhiteElo "1661"]
[BlackElo "1919"]
[Result "0-1"]
[EventDate "2023.03.29"]
[PlyCount "76"]

1. e4 c5 2. Nf3 g6 3. d4 cxd4 4. Nxd4 Nc6 5. c4 Nf6 6. Nc3 d6 7. Be3 Ng4 8. Nxc6
bxc6 9. Bf4 Qb6 10. Qd2 Bg7 11. h3 Nf6 12. f3 O-O 13. Be2 Be6 14. Rc1 a5 15. b3 Rfd8
16. Be3 Qb8 17. O-O d5 18. exd5 cxd5 19. cxd5 Nxd5 20. Nxd5 Rxd5 21. Qc2 Bxh3 22.
Bc4 Re5 23. Bf4 Qa7+ 24. Kh2 Bf5 25. Qd2 Rc5 26. Be3 Qc7+ 27. Kh1 Rd8 28. Bxf7+ Kxf7
29. Rxc5 Qxc5 30. Qxd8 Qxe3 31. g4 Be6 32. Kg2 Be5 33. f4 Bxf4 34. Rf3 Qe2+ 35. Rf2
Qxg4+ 36. Kf1 g5 37. Qxa5 Qd1+ 38. Qe1 Bh3+  0-1

[Event "36th Reykjavik op"]
[Site "Reykjavik ISL"]
[Date "2023.03.30"]
[Round "3.132"]
[White "Qiu, Andrew Yu"]
[Black "Doran, Chris"]
[WhiteElo "1646"]
[BlackElo "1918"]
[Result "0-1"]
[EventDate "2023.03.29"]
[PlyCount "136"]

1. e4 c5 2. Nf3 d6 3. d4 cxd4 4. Nxd4 Nf6 5. Nc3 g6 6. Be3 Bg7 7. f3 Nc6 8. Qd2 O-O
9. g4 Be6 10. h4 Ne5 11. Be2 Bc4 12. h5 Bxe2 13. Qxe2 Qa5 14. hxg6 hxg6 15. Qh2 Rfc8
16. Kf1 Rxc3 17. bxc3 Qxc3 18. Re1 Rc8 19. Qd2 Rc4 20. Qxc3 Rxc3 21. Ke2 Nc4 22.
Bh6 Nxe4 23. fxe4 Bxd4 24. Rd1 e5 25. Rc1 Be3 26. Bxe3 Rxe3+ 27. Kf2 Rxe4 28. g5
Rf4+ 29. Ke2 Re4+ 30. Kf2 d5 31. Rcd1 d4 32. c3 Ne3 33. Rd3 Rf4+ 34. Ke2 Rg4 35.
cxd4 exd4 36. Rc1 Nf5 37. Rc7 Rxg5 38. Rxb7 Rg2+ 39. Kf3 Rxa2 40. Kf4 Kg7 41. Rd1
a5 42. Rc1 Rf2+ 43. Ke5 d3 44. Rb3 f6+ 45. Ke4 Re2+ 46. Kxd3 Re3+ 47. Kc4 Nd6+ 48.
Kd5 Rxb3 49. Kxd6 Rd3+ 50. Ke6 Re3+ 51. Kd5 a4 52. Kd4 Re5 53. Rc7+ Kh6 54. Rc6 Kg5
55. Rc3 Ra5 56. Rg3+ Kh6 57. Rh3+ Kg7 58. Rh1 a3 59. Kc3 a2 60. Ra1 f5 61. Kb4 Ra8
62. Kc3 Kf6 63. Kd3 Ra3+ 64. Ke2 g5 65. Kf2 Ke5 66. Kg2 f4 67. Kf2 g4 68. Kg2 Kd4
 0-1

[Event "36th Reykjavik op"]
[Site "Reykjavik ISL"]
[Date "2023.03.30"]
[Round "3.133"]
[White "Geyler, Stefan"]
[Black "Yedid, Lior"]
[WhiteElo "1915"]
[BlackElo "1586"]
[Result "1-0"]
[EventDate "2023.03.29"]
[PlyCount "57"]

1. e4 c5 2. Nf3 Nc6 3. Bb5 e6 4. O-O Nge7 5. Re1 g6 6. c3 Qb6 7. Na3 Bg7 8. Bf1 d5
9. d3 O-O 10. Nc2 Rd8 11. e5 h6 12. d4 c4 13. Ne3 a5 14. a4 h5 15. g3 Bd7 16. Ng2
Nf5 17. Rb1 Nce7 18. Bg5 Qc6 19. Ra1 Qb6 20. Qc1 Re8 21. h3 Kh7 22. g4 hxg4 23. hxg4
Nh6 24. Ne3 Neg8 25. Be2 Bh8 26. Kg2 Kg7 27. Rh1 f5 28. exf6+ Kf7 29. Ne5+  1-0

[Event "36th Reykjavik op"]
[Site "Reykjavik ISL"]
[Date "2023.03.30"]
[Round "3.134"]
[White "Gregersen, Einar"]
[Black "Adams, George"]
[WhiteElo "1894"]
[BlackElo "1604"]
[Result "0-1"]
[EventDate "2023.03.29"]
[PlyCount "122"]

1. e4 c5 2. Nf3 g6 3. d4 cxd4 4. Nxd4 Bg7 5. c4 Nc6 6. Be3 Nf6 7. Nc3 Ng4 8. Qxg4
Nxd4 9. Qd1 Ne6 10. Be2 d6 11. Qd2 Bd7 12. O-O O-O 13. Rac1 Bc6 14. f3 a5 15. Nd5
Bxd5 16. cxd5 Nc5 17. b3 Qb6 18. Kh1 Rfc8 19. Rc2 Qd8 20. Rfc1 b6 21. Bb5 Qf8 22.
Rc4 h6 23. Qc2 Ra7 24. a3 Rca8 25. h3 Kh7 26. Bc6 Rb8 27. b4 axb4 28. axb4 Ra3 29.
Bxc5 bxc5 30. b5 Qh8 31. Ra4 Rxa4 32. Qxa4 Be5 33. Rf1 g5 34. Qa7 Qd8 35. Rb1 Rb6
36. Rc1 Kg7 37. Rc4 h5 38. Qa2 Qb8 39. Qb3 Kg6 40. Ra4 Qh8 41. Bd7 Bf4 42. Qb1 Kh6
43. Ra6 Qd8 44. Rxb6 Qxb6 45. Qa1 Qd8 46. Bc6 Be3 47. Qa7 Bd4 48. g3 Qc8 49. Kg2
Qd8 50. Kf1 Kg6 51. Ke2 Qc8 52. Bd7 Qd8 53. Kd3 Bf2 54. Kc4 Qh8 55. b6 Qb2 56. Qa5
Qe2+ 57. Kb3 c4+ 58. Ka4 Qd3 59. Qb4 Bc5 60. Qb2 c3 61. Bb5 Qd4+  0-1

[Event "36th Reykjavik op"]
[Site "Reykjavik ISL"]
[Date "2023.03.30"]
[Round "3.135"]
[White "Rempe, Jonas"]
[Black "Saliba, Karl"]
[WhiteElo "1887"]
[BlackElo "1570"]
[Result "1-0"]
[EventDate "2023.03.29"]
[PlyCount "67"]

1. e4 e5 2. Nf3 Nc6 3. Bb5 a6 4. Ba4 Nf6 5. O-O b5 6. Bb3 Bc5 7. c3 d6 8. d4 Bb6
9. Re1 h6 10. dxe5 Nxe5 11. Be3 Bxe3 12. Rxe3 O-O 13. h3 Bb7 14. Nbd2 Re8 15. Nxe5
dxe5 16. Qe2 c5 17. Nf1 Qc7 18. Ng3 c4 19. Bc2 g6 20. Rf1 Kg7 21. Qe1 Re6 22. Re2
Rd8 23. f3 Qb6+ 24. Ref2 Red6 25. Kh1 Nd7 26. Qc1 Rf6 27. f4 exf4 28. Rxf4 Rxf4 29.
Qxf4 Qe6 30. Rd1 Rc8 31. Rd6 Qe5 32. Nh5+ Qxh5 33. Rxd7 g5 34. Qe5+  1-0

[Event "36th Reykjavik op"]
[Site "Reykjavik ISL"]
[Date "2023.03.30"]
[Round "3.136"]
[White "Hauksson, Helgi"]
[Black "Miettinen, Teemu"]
[WhiteElo "1637"]
[BlackElo "1884"]
[Result "0-1"]
[EventDate "2023.03.29"]
[PlyCount "83"]

1. d4 Nf6 2. Nf3 g6 3. c4 c5 4. g3 Bg7 5. Bg2 O-O 6. O-O Na6 7. Nc3 d6 8. e4 Nd7
9. Rb1 cxd4 10. Nxd4 Ne5 11. b4 Nxc4 12. Nd5 e6 13. Ne3 Nxe3 14. Bxe3 Nc7 15. a4
Qe7 16. Qd2 Rd8 17. Bg5 f6 18. Be3 d5 19. Qc2 e5 20. Nb3 d4 21. Bd2 Ne6 22. Qc4 Kh8
23. Rfc1 Bd7 24. b5 Rac8 25. Qd3 b6 26. f4 Nf8 27. f5 Be8 28. h3 Bf7 29. a5 Qb7 30.
Bb4 Rxc1+ 31. Rxc1 Rc8 32. Kh2 Rxc1 33. Nxc1 Qc8 34. Qa3 Nd7 35. Nd3 Qc4 36. axb6
axb6 37. Qa8+ Bg8 38. Qc6 Qf7 39. h4 gxf5 40. exf5 Qe8 41. Bd6 Bf7 42. Qc7  0-1

[Event "36th Reykjavik op"]
[Site "Reykjavik ISL"]
[Date "2023.03.30"]
[Round "3.137"]
[White "Bajoghli, Navid"]
[Black "Cuvelier, Annelies"]
[WhiteElo "1598"]
[BlackElo "1875"]
[Result "1/2-1/2"]
[EventDate "2023.03.29"]
[PlyCount "81"]

1. d4 d5 2. c4 e6 3. Nc3 Nf6 4. cxd5 exd5 5. Bg5 Nbd7 6. e3 c6 7. Bd3 Be7 8. Nge2
h6 9. Bh4 O-O 10. O-O Ne4 11. Bxe7 Qxe7 12. Bxe4 dxe4 13. Qc2 Nf6 14. Ng3 Re8 15.
Na4 Nd5 16. a3 f5 17. Ne2 Be6 18. Rab1 Rec8 19. b4 g5 20. Rfc1 Kg7 21. Qb2 Kg6 22.
b5 cxb5 23. Qxb5 b6 24. Qb2 h5 25. Nac3 Nxc3 26. Nxc3 Bc4 27. a4 Bd3 28. Ra1 Rc4
29. Nd5 Qd6 30. Rxc4 Bxc4 31. Nc3 Qd7 32. Rc1 Rc8 33. Nb5 a6 34. Na3 Qxa4 35. Nxc4
Rxc4 36. Qxb6+ Kf7 37. Qb7+ Ke6 38. Qb6+ Kd7 39. Qb7+ Kd6 40. Qb6+ Kd7 41. Qb7+  1/2-1/2

[Event "36th Reykjavik op"]
[Site "Reykjavik ISL"]
[Date "2023.03.30"]
[Round "3.138"]
[White "Finnsson, Johann Arnar"]
[Black "Grubauer, Gerhard"]
[WhiteElo "1874"]
[BlackElo "1564"]
[Result "1-0"]
[EventDate "2023.03.29"]
[PlyCount "47"]

1. c4 e5 2. g3 Nf6 3. Bg2 d5 4. cxd5 Nxd5 5. Nc3 Nxc3 6. bxc3 c6 7. Nf3 Bd6 8. O-O
Bf5 9. d4 exd4 10. Qxd4 O-O 11. e4 Be6 12. Ng5 Re8 13. Rd1 Bc7 14. Nxe6 fxe6 15.
Rb1 Qxd4 16. cxd4 Bb6 17. d5 exd5 18. exd5 Re2 19. Be3 Bxe3 20. fxe3 Na6 21. dxc6
bxc6 22. Bxc6 Rf8 23. Bb5 Rxa2 24. Bc4+  1-0